Statistieken voor Alle nummers van Andre van Duin

Klik hier om de quiz te nemen!

Algemene statistieken

  • Deze quiz is 7 keer genomen
  • De gemiddelde score is 5 van 47

Antwoordstatistieken

Antwoord% Correct
Er staat een paard in de gang
75%
ik heb hele grote bloemkolen
75%
Pizza lied
50%
35 koeien
25%
Als de zon schijnt
25%
Als je huilt
25%
Bim Bam
25%
De balletjes van de koningin
25%
De heidezangers
25%
De sambaballensamba
25%
Flip Fluitketel
25%
Ik ben Joep Meloen
25%
Me kammetje
25%
Tatata
25%
Willempie
25%
Willy Alberti bedankt
25%
Angelique
0%
A woman in love
0%
Ayohee
0%
Bananenlied
0%
Barbecue
0%
Bingo
0%
De buurtsuper
0%
De hotdog
0%
De rol van de behanger
0%
De tamme boerenzoon
0%
Doelpunt
0%
Doorgaan
0%
Duudeljoo
0%
Een boutje en een moertje en een schroefje en een nippeltje
0%
Gatzdeladigee
0%
Grote voeten
0%
Ik heb hem nog wel
0%
Ik wil met jou wel dansen maar mijn voeten doen zo'n zeer
0%
Ik wil met jou wel zeven weken
0%
Jas aan, Jas uit
0%
Lied voor vrijgezellen
0%
Mijn naam is Jaap
0%
Mijn opoe heeft een zadel op haar rug
0%
Naaimachine lied
0%
Nederland die heeft de bal
0%
Nee nou wordt die mooi
0%
Onzichtbare Andre
0%
Tingelingeling
0%
Totdat ik jou zag
0%
Wij zijn de vuilnisman
0%
Zandzakken voor de deur
0%

Scoreverdeling

Percentiel versus Aantal Correcte Antwoorden

Procent van Mensen met Elke Score

Uw Scoregeschiedenis

U heeft deze quiz nog niet genomen